Biggest Cities in Turkmenistan - Statistics

General Stats
  • This quiz has been taken 8 times
  • The average score is 3 of 15
Answer Stats
Population City % Correct
823,000 (2018) Ashgabat
100%
279,765 Türkmenabat
71%
126,141 Mary
57%
73,803 Türkmenbaşy
57%
245,872 Daşoguz
43%
120,800 Balkanabat
14%
30,042 Anau
0%
64,086 (2022) Arkadag
0%
91,713 Baýramaly
0%
93,692 Gyzylarbat
0%
39,602 Kerki
0%
35,386 Konye-Urgench
0%
68,133 Magdanly
0%
79,324 Tejen
0%
38,936 Ýolöten
0%
No matching quizzes found
Score Distribution
Percent of People with Each Score
Percentile by Number Answered
Your Score History
You have not taken this quiz